|
|
|
|
| LEADER |
00810cam a2200253 7i4500 |
| 001 |
0000033791 |
| 005 |
20160914090000.0 |
| 007 |
##ta |
| 008 |
160914s2013 my e 0 0 may |
| 020 |
# |
# |
|a 9789674301293
|
| 040 |
# |
# |
|a BNM
|
| 090 |
0 |
0 |
|a B 808.51
|b SIT (LRM)
|
| 100 |
0 |
# |
|a Siti Zaleha M. Hashim,
|d 1953-
|e author
|
| 245 |
1 |
0 |
|a TIP MENULIS TEKS Pengacara Majlis
|c Siti Zaleha M. Hashim.
|
| 264 |
# |
1 |
|a Kuala Lumpur:
|b Institut Terjemahan & Buku Malaysia,
|c 2013.
|
| 300 |
# |
# |
|a x, 102 pages;
|c 23 cm.
|
| 336 |
# |
# |
|a text
|2 rdacontent
|
| 337 |
# |
# |
|a unmediated
|2 rdamedia
|
| 338 |
# |
# |
|a volume
|2 rdacarrier
|
| 504 |
# |
# |
|a Bibliography pages 99-102
|
| 650 |
# |
0 |
|a Speechwriting --
|x Technique
|
| 650 |
# |
0 |
|a Masters of ceremonies
|
| 650 |
# |
0 |
|a Oratory
|
| 999 |
|
|
|a B000038128
|b Book
|c Book
|e Business Information Centre
|